000 00618nam a2200205Ia 4500
003 IN-BaIIA
008 211028s9999 xx 000 0 eng d
020 _a3-540-13322-4
040 _cIIA Library
080 _a532.59
_bKUR
100 _aKuramoto, Y
_916045
245 0 _aChemical oscillations, waves and turbulence
_cY. Kuramoto
260 _aBerlin
_bSpringer-Verlag
_c1984
300 _aviii, 156p.
490 _aSpringer series in synergetics
650 _aAstronomy and astrophysics thesaurus
650 _aTurbulence
_92672
650 _aWaves
942 _cBK
999 _c9520
_d9520